000 00301nam a2200121Ia 4500
008 190802s9999 xx 000 0 und d
020 _a969-503-013-0
100 _aQazi Abdus Sattar
245 0 _aKhalid Bin Waleed Raziullah Anho
260 _aLahore
_bAl-Faisal
_c2008
300 _a231:p
942 _cBK
999 _c2425
_d2425